000 00825nam a22002297a 4500
942 _cBK
999 _c763
_d763
005 20250420134824.0
008 211115b ||||| |||| 00| 0 eng d
020 _a9781107620698
040 _cKCST
082 _a428.24076
_bCu Of
100 _aCullen, Pauline
_95554
245 _aThe official Cambridge guide to IELTS :
_bfor academic & general training /
_cPauline Cullen; Amanda French; Vanessa Jakeman
260 _aCambridge :
_bCambridge University Press,
_c2014.
300 _a400 pages ;
_c28 cm
_e1 CD-ROM (4 3/4in)
650 _aInternational English Language Testing System
_vStudy guides.
_95555
650 _aEnglish language
_vProblems, exercises, etc.
_94926
650 _aEnglish language.
_92090
700 _aFrench, Amanda
_95556
700 _aJakeman, Vanessa
_95557
942 _2ddc